000 00801nam a22001695i 4500
001 158084
003 ES-MaACL
005 20230906211012.0
008 040823s1879 sp |||| | spa d
040 _aCAM
_bspa
_cCAM
100 1 _aLópez y Ramajo, Antonio María.
_9129246
245 1 0 _aColección de soluciones en verso a las charadas que ha publicado el "Enano" (hoy Boletin de Loterías y de Toros) desde el año de 1854 á 1868 /
_cpor Antonio Maria Lopez y Ramajo.
250 _a2ª ed. corr., aum. é il. con notas.
260 _aMadrid :
_bImprenta y libreria de los hijos de Vazquez,
_c1879.
300 _a126 p. ;
_c14 cm.
852 _aES-MaACL
_jT-406-F-3
_z-- Enc. hol.
_z-- Dedicatoria ms. del autor a Ignacio José Escobar
_q-- Falto de la cub. original
_z-- Enc. en un vol. facticio
999 _c158084
_d158084